书目信息 |
| 题名: |
钢桥面浇注式沥青混凝土铺装技术
|
|
| 作者: | 陈仕周 , 闫东波 著 | |
| 分册: | ||
| 出版信息: | 北京 人民交通出版社 2015 |
|
| 页数: | 259页 | |
| 开本: | 26cm | |
| 丛书名: | 交通运输建设科技丛书 | |
| 单 册: | ||
| 中图分类: | U448.363.33 , U448 | |
| 科图分类: | ||
| 主题词: | 钢桥--沥青混凝土--混凝土浇筑--桥面铺装 | |
| 电子资源: | ||
| ISBN: | 978-7-114-12412-9 | |
| 000 | 01507oam2 2200313 450 | |
| 001 | 2378738186 | |
| 005 | 20231209202154.32 | |
| 010 | @a978-7-114-12412-9@dCNY56.00 | |
| 100 | @a20160109d2015 em y0chiy50 ea | |
| 101 | 0 | @achi |
| 102 | @aCN@b110000 | |
| 105 | @aa z 000yy | |
| 200 | 1 | @a钢桥面浇注式沥青混凝土铺装技术@Agang qiao mian jiao zhu shi li qing hun ning tu pu zhuang ji shu@f陈仕周,闫东波等著 |
| 210 | @a北京@c人民交通出版社@d2015 | |
| 215 | @a259页@c图,照片@d26cm | |
| 225 | 1 | @a交通运输建设科技丛书@i公路基础设施建设与养护 |
| 300 | @a“十二五”国家重点图书出版规划项目 | |
| 312 | @a封面英文题名:Technology of gussasphalt deck pavement on steel bridge | |
| 330 | @a本书以浇注式沥青混凝土铺装为主线,在课题研究成果基础上汇总提升,全面阐述了钢桥面铺装的国内外现状、原理、设计、施工等方面的内容。主要内容包括:中国钢桥面铺装技术历史与发展,钢桥面铺装病害分析,钢桥面铺装受力与疲劳性能模拟,钢桥面铺装混合料,钢桥面防腐与防水黏结材料,钢桥面铺装设计,钢桥面铺装施工技术,钢桥面铺装施工温度应力,钢桥面铺装维修,钢桥面铺装技术的未来发展展望等。 | |
| 410 | 0 | @12001 @a交通运输建设科技丛书 |
| 462 | 0 | @12001 @a公路基础设施建设与养护 |
| 510 | 1 | @aTechnology of gussasphalt deck pavement on steel bridge@zeng |
| 606 | 0 | @a钢桥@x沥青混凝土@x混凝土浇筑@x桥面铺装 |
| 690 | @aU448.363.33@v5 | |
| 690 | @aU448@v4 | |
| 701 | 0 | @a陈仕周@Achen shi zhou@4著 |
| 701 | 0 | @a闫东波@Ayan dong bo@4著 |
| 801 | 0 | @aCN@b大连网信软件有限公司图书馆·11@c20231018 |
| 905 | @aZUCC@dU448@e12 | |
| 钢桥面浇注式沥青混凝土铺装技术/陈仕周,闫东波等著.-北京:人民交通出版社,2015 |
| 259页:图,照片;26cm.-(交通运输建设科技丛书.公路基础设施建设与养护) |
| “十二五”国家重点图书出版规划项目 |
| ISBN 978-7-114-12412-9:CNY56.00 |
| 本书以浇注式沥青混凝土铺装为主线,在课题研究成果基础上汇总提升,全面阐述了钢桥面铺装的国内外现状、原理、设计、施工等方面的内容。主要内容包括:中国钢桥面铺装技术历史与发展,钢桥面铺装病害分析,钢桥面铺装受力与疲劳性能模拟,钢桥面铺装混合料,钢桥面防腐与防水黏结材料,钢桥面铺装设计,钢桥面铺装施工技术,钢桥面铺装施工温度应力,钢桥面铺装维修,钢桥面铺装技术的未来发展展望等。 |
| ● |
| 相关链接 |
|
|
|
正题名:钢桥面浇注式沥青混凝土铺装技术
索取号:U448/12
 
预约/预借
| 序号 | 登录号 | 条形码 | 馆藏地/架位号 | 状态 | 备注 |
| 1 | 2001032343 | 2001032343 | 第四书库/四27架B面2层2列/ [索取号:U448/12] | 在馆 | |
| 2 | 2001032344 | 2001032344 | 第四书库/四27架B面2层2列/ [索取号:U448/12] | 在馆 | |
| 3 | 2001032345 | 2001032345 | 第四书库/四27架B面2层2列/ [索取号:U448/12] | 在馆 | |
| 4 | 2001032346 | 2001032346 | 第四书库/四27架B面2层2列/ [索取号:U448/12] | 在馆 | |
| 5 | 2001032347 | 2001032347 | 第四书库/四27架B面2层2列/ [索取号:U448/12] | 在馆 | |
| 6 | 2001032348 | 2001032348 | 第四书库/四27架B面2层2列/ [索取号:U448/12] | 在馆 |